[Event "Oberliga Bayern 1112"]
[Site "Bayern"]
[Date "2012.02.26"]
[Round "7.7"]
[White "Dietrich, Reinhard"]
[Black "Spiesberger, Gerhard"]
[Result "1/2-1/2"]
[WhiteElo "1997"]
[BlackElo "2153"]
[PlyCount "35"]
[EventDate "2011.10.02"]
[EventType "team-tourn"]
[EventRounds "9"]
[EventCountry "GER"]
[SourceTitle "EXT 2015"]
[Source "ChessBase"]
[SourceDate "2014.11.20"]
[SourceVersion "1"]
[SourceVersionDate "2014.11.20"]
[SourceQuality "1"]
[WhiteTeam "Neutraubling"]
[BlackTeam "Rottal"]
[WhiteTeamCountry "GER"]
[BlackTeamCountry "GER"]

1. e4 e5 2. f4 Bc5 3. Nf3 d6 4. d3 Nc6 5. Nc3 a6 6. fxe5 dxe5 7. Nd5 Bg4 8. Be2 Qd7 9. Be3 Bxe3 10. Nxe3 Nf6 11. 0-0 0-0-0 12. c3 h5 13. b4 Bxf3 14. Rxf3 Qe6 15. Qf1 Ne7 16. a4 Ng6 17. Nc4 Nf4 18. Kh1 1/2-1/2

[Event "Oberliga Bayern 1112"]
[Site "Bayern"]
[Date "2012.02.05"]
[Round "6.7"]
[White "Schueller, Ernst"]
[Black "Dietrich, Reinhard"]
[Result "1-0"]
[WhiteElo "2147"]
[BlackElo "1997"]
[PlyCount "111"]
[EventDate "2011.10.02"]
[EventType "team-tourn"]
[EventRounds "9"]
[EventCountry "GER"]
[SourceTitle "EXT 2013"]
[Source "ChessBase"]
[SourceDate "2012.11.22"]
[SourceVersion "1"]
[SourceVersionDate "2012.11.22"]
[SourceQuality "1"]
[WhiteTeam "Passau"]
[BlackTeam "Neutraubling"]
[WhiteTeamCountry "GER"]
[BlackTeamCountry "GER"]

1. Nf3 Nf6 2. d4 g6 3. Bg5 Bg7 4. Nbd2 d5 5. Bxf6 Bxf6 6. c3 0-0 7. e3 Nd7 8. Bd3 e5 9. dxe5 Nxe5 10. Nxe5 Bxe5 11. Nf3 Bg7 12. Qc2 c5 13. 0-0 Rb8 14. Rfd1 Qc7 15. e4 Bg4 16. Be2 dxe4 17. Qxe4 Bf5 18. Qh4 Rfe8 19. Bd3 Bxd3 20. Rxd3 Re2 21. Rad1 Rbe8 22. Qa4 Qb6 23. R3d2 c4 24. Rf1 Qc5 25. g3 Bh6 26. Rxe2 Rxe2 27. b3 cxb3 28. Qxb3 b6 29. Nd4 Rd2 30. Re1 Bg5 31. a4 Bf6 32. Ne2 Kg7 33. Qb1 Qd5 34. Qc1 Qa2 35. Kf1 Rc2 36. Qd1 Qxa4 37. h4 h5 38. Qd3 Qa2 39. Qf3 Qb2 40. Rd1 Qb5 41. Rd6 Bxc3 42. Qe4 Rc1+ 43. Kg2 Re1 44. Rd3 Bf6 45. Qf3 Ra1 46. Rd6 Be5 47. Rd5 Qb1 48. Kh2 Qb2 49. Kg2 Re1 50. Rd7 Qa2 51. Nf4 Qa4 52. Ne6+ Kh6 53. Rxf7 Qe4 54. Qxe4 Rxe4 55. Ng5 Bg7 56. Nxe4 1-0

[Event "Landesliga Nord 1011"]
[Site "Bayern"]
[Date "2010.12.12"]
[Round "4.7"]
[White "Maurer, Heinrich"]
[Black "Dietrich, Reinhard"]
[Result "1-0"]
[WhiteElo "2004"]
[BlackElo "1988"]
[PlyCount "75"]
[EventDate "2010.10.10"]
[EventType "team-tourn"]
[EventRounds "9"]
[EventCountry "GER"]
[SourceTitle "EXT 2012"]
[Source "ChessBase"]
[SourceDate "2011.11.24"]
[SourceVersion "1"]
[SourceVersionDate "2011.11.24"]
[SourceQuality "1"]
[WhiteTeam "Kelheim"]
[BlackTeam "Neutraubling"]
[WhiteTeamCountry "GER"]
[BlackTeamCountry "GER"]

1. e4 e6 2. d4 d5 3. Nc3 Nf6 4. Bg5 Be7 5. e5 Nfd7 6. Bxe7 Qxe7 7. Nf3 a6 8. Bd3 c5 9. dxc5 Nc6 10. Qe2 Nxc5 11. 0-0 0-0 12. Qe3 Bd7 13. Nd4 f6 14. f4 Rab8 15. Nf3 b6 16. Ne2 Kh8 17. Ned4 f5 18. c3 Nd8 19. c4 Bc6 20. Nxc6 Nxc6 21. cxd5 exd5 22. Nd4 Nxd4 23. Qxd4 b5 24. Rac1 Ne4 25. g3 Rbc8 26. Kg2 Qe6 27. Rfd1 h6 28. Bc2 Rc4 29. Qxd5 Qxd5 30. Rxd5 Rfc8 31. Bxe4 Rxc1 32. Bxf5 Re8 33. Bg6 Rec8 34. e6 Re1 35. Rd6 Re2+ 36. Kf3 Rxb2 37. e7 Rxa2 38. Rd8+ 1-0

[Event "Landesliga Nord 1011"]
[Site "Bayern"]
[Date "2010.10.24"]
[Round "2.7"]
[White "Paar, Johannes"]
[Black "Dietrich, Reinhard"]
[Result "1-0"]
[WhiteElo "1914"]
[BlackElo "1988"]
[PlyCount "97"]
[EventDate "2010.10.10"]
[EventType "team-tourn"]
[EventRounds "9"]
[EventCountry "GER"]
[SourceTitle "EXT 2012"]
[Source "ChessBase"]
[SourceDate "2011.11.24"]
[SourceVersion "1"]
[SourceVersionDate "2011.11.24"]
[SourceQuality "1"]
[WhiteTeam "Schwandorf"]
[BlackTeam "Neutraubling"]
[WhiteTeamCountry "GER"]
[BlackTeamCountry "GER"]

1. c4 e5 2. Nc3 Nf6 3. g3 h6 4. Bg2 Bb4 5. d3 Bxc3+ 6. bxc3 0-0 7. e4 Re8 8. Ne2 c6 9. Qb3 Na6 10. Ba3 d6 11. 0-0 Rb8 12. Rfe1 Be6 13. Qc2 d5 14. cxd5 cxd5 15. d4 Nxe4 16. dxe5 Bf5 17. Nd4 Bg6 18. Qb2 Nac5 19. Rad1 Na4 20. Qb3 Nec5 21. Bxc5 Nxc5 22. Qxd5 Qxd5 23. Bxd5 Nd3 24. Re3 Rxe5 25. Rxe5 Nxe5 26. Re1 Nd3 27. Re7 Rc8 28. c4 Nb4 29. Bxb7 Rxc4 30. Nb5 a5 31. a3 Nd3 32. Re8+ Kh7 33. Rc8 Rxc8 34. Bxc8 Be4 35. Nc3 Bg6 36. Bb7 Nc5 37. Bd5 Kg8 38. Kf1 Kf8 39. Ke2 Ke7 40. Ke3 f6 41. Kd4 Nd3 42. f4 Nb2 43. Kc5 Be8 44. Kb6 a4 45. Kc5 Nd3+ 46. Kc4 Nb2+ 47. Kd4 Kd6 48. Ne4+ Kc7 49. Nf2 1-0

[Event "Regionalliga NO 0910"]
[Site "Bayern"]
[Date "2010.02.07"]
[Round "6.6"]
[White "Kaeck, Ralf"]
[Black "Dietrich, Reinhard"]
[Result "0-1"]
[WhiteElo "1987"]
[BlackElo "2020"]
[PlyCount "66"]
[EventDate "2009.10.18"]
[EventType "team-tourn"]
[EventRounds "9"]
[EventCountry "GER"]
[SourceTitle "EXT 2011"]
[Source "ChessBase"]
[SourceDate "2010.11.26"]
[SourceVersion "1"]
[SourceVersionDate "2010.11.26"]
[SourceQuality "1"]
[WhiteTeam "Windischeschenbach"]
[BlackTeam "Neutraubling"]
[WhiteTeamCountry "GER"]
[BlackTeamCountry "GER"]

1. d4 Nf6 2. Nf3 g6 3. c4 Bg7 4. Nc3 d5 5. Bg5 Ne4 6. cxd5 Nxg5 7. Nxg5 e6 8. Nf3 exd5 9. b4 0-0 10. e3 Qd6 11. Qb3 c6 12. Be2 h6 13. 0-0 Be6 14. Na4 b6 15. Rac1 Nd7 16. Rc3 b5 17. Nc5 Nb6 18. a4 bxa4 19. Nxa4 Rfb8 20. Nc5 Bg4 21. Ra1 Bf8 22. e4 dxe4 23. Ne5 Nd5 24. Bxg4 Rxb4 25. Qa2 Rxd4 26. Ncd7 Bg7 27. Rxc6 Qe7 28. Nxf7 Kh7 29. Qe2 Qxf7 30. Rac1 h5 31. Be6 Nf4 32. Qa2 Nxe6 33. Nb6 Rad8 0-1

[Event "Bayern-chA 80th"]
[Site "Immenstadt"]
[Date "2009.08.29"]
[Round "8"]
[White "Jahrsdoerfer, Gerd"]
[Black "Dietrich, Reinhard"]
[Result "1-0"]
[WhiteElo "2100"]
[BlackElo "2001"]
[PlyCount "63"]
[EventDate "2009.08.22"]
[EventType "swiss"]
[EventRounds "9"]
[EventCountry "GER"]
[SourceTitle "EXT 2015"]
[Source "ChessBase"]
[SourceDate "2014.11.20"]
[SourceVersion "1"]
[SourceVersionDate "2014.11.20"]
[SourceQuality "1"]

1. e4 e6 2. d4 d5 3. Nc3 Nf6 4. e5 Nfd7 5. f4 c5 6. Nf3 Nc6 7. Be3 Be7 8. Qd2 0-0 9. 0-0-0 c4 10. g4 Qa5 11. Kb1 b5 12. Ne2 b4 13. Qc1 Rb8 14. f5 Rb6 15. b3 c3 16. Ka1 Ra6 17. Qb1 Qd8 18. Nf4 Rb6 19. fxe6 Ndb8 20. exf7+ Rxf7 21. e6 Rf8 22. Bg2 Na6 23. Ne5 Nc7 24. Nf7 Rxf7 25. exf7+ Kxf7 26. Rdf1 Kg8 27. Qd1 a5 28. Qf3 Rb5 29. Rf2 a4 30. Rhf1 Ra5 31. Nxd5 Be6 32. Nxe7+ 1-0

[Event "Oberpfalz-ch M1"]
[Site "Kelheim"]
[Date "2009.04.07"]
[Round "7"]
[White "Dietrich, Reinhard"]
[Black "Fuhrmann, Max"]
[Result "1-0"]
[WhiteElo "2105"]
[BlackElo "2113"]
[PlyCount "89"]
[EventDate "2009.04.04"]
[EventType "swiss"]
[EventRounds "8"]
[EventCountry "GER"]
[SourceTitle "EXT 2022"]
[Source "ChessBase"]
[SourceDate "2021.10.06"]
[SourceVersion "1"]
[SourceVersionDate "2021.10.06"]
[SourceQuality "1"]

1. e4 c6 2. d4 d5 3. e5 Bf5 4. Nf3 e6 5. Be2 c5 6. c3 Nc6 7. 0-0 Qb6 8. dxc5 Bxc5 9. b4 Bf8 10. Be3 Qc7 11. b5 Na5 12. b6 Qd7 13. bxa7 Ne7 14. Nbd2 Nc8 15. a4 Bg4 16. Bb5 Nc6 17. a5 Bxf3 18. Qxf3 Be7 19. a6 b6 20. Qg3 g6 21. Bh6 N8xa7 22. Be2 Bf8 23. Be3 Bc5 24. Bh6 Ne7 25. c4 Nf5 26. Qh3 Nxh6 27. Qxh6 Bf8 28. Qf4 Bg7 29. cxd5 exd5 30. e6 fxe6 31. Rac1 e5 32. Qb4 Rb8 33. Bg4 Qe7 34. Qxe7+ Kxe7 35. Rc7+ Kf6 36. Rxa7 Ra8 37. Rxa8 Rxa8 38. Ra1 Kg5 39. Be2 e4 40. Rb1 Bd4 41. Nb3 Be5 42. Rd1 d4 43. Nxd4 Kf6 44. Nc6 Bf4 45. Rd8 1-0

[Event "Oberpfalz-ch M1"]
[Site "Kelheim"]
[Date "2009.04.05"]
[Round "4"]
[White "Noeckler, Alexander"]
[Black "Dietrich, Reinhard"]
[Result "0-1"]
[WhiteElo "2007"]
[BlackElo "2105"]
[PlyCount "56"]
[EventDate "2009.04.04"]
[EventType "swiss"]
[EventRounds "8"]
[EventCountry "GER"]
[SourceTitle "EXT 2022"]
[Source "ChessBase"]
[SourceDate "2021.10.06"]
[SourceVersion "1"]
[SourceVersionDate "2021.10.06"]
[SourceQuality "1"]

1. c4 e5 2. Nc3 Nc6 3. g3 Bc5 4. Bg2 a6 5. Nf3 d6 6. 0-0 Ba7 7. d3 h5 8. Bg5 f6 9. Be3 Bxe3 10. fxe3 Be6 11. b3 Qd7 12. Rf2 Bh3 13. d4 Bxg2 14. Rxg2 0-0-0 15. a3 Nh6 16. Qd3 f5 17. d5 Nb8 18. e4 g6 19. Ng5 Rdf8 20. Ne6 Rf6 21. Qe3 h4 22. Qg5 Qf7 23. Rf2 Ng4 24. Rf3 Rh5 25. Qd2 hxg3 26. h3 f4 27. hxg4 Rh1+ 28. Kxh1 Qh7+ 0-1

[Event "Landesliga Nord 0809"]
[Site "Bayern"]
[Date "2009.02.01"]
[Round "6.6"]
[White "Rehak, Martin"]
[Black "Dietrich, Reinhard"]
[Result "0-1"]
[WhiteElo "2128"]
[BlackElo "2006"]
[PlyCount "52"]
[EventDate "2008.10.05"]
[EventType "team-tourn"]
[EventRounds "9"]
[EventCountry "GER"]
[SourceTitle "EXT 2020"]
[Source "ChessBase"]
[SourceDate "2019.10.17"]
[SourceVersion "1"]
[SourceVersionDate "2019.10.17"]
[SourceQuality "1"]
[WhiteTeam "Kulmbach"]
[BlackTeam "Neutraubling"]
[WhiteTeamCountry "GER"]
[BlackTeamCountry "GER"]

1. e4 e6 2. Qe2 c5 3. f4 Nc6 4. Nf3 Nge7 5. e5 d5 6. exd6 Nf5 7. d7+ Bxd7 8. c3 Bd6 9. g3 0-0 10. Bg2 Re8 11. 0-0 e5 12. fxe5 Nxe5 13. Na3 Ng4 14. Qc4 h5 15. Nb5 Bf8 16. a4 a6 17. Na3 b5 18. axb5 axb5 19. Qd5 Nf6 20. Qb7 Nd6 21. Qxa8 Qxa8 22. Ne5 Qa7 23. Nxd7 c4+ 24. Kh1 Qxd7 25. Nc2 Nde4 26. Nd4 Bc5 0-1

[Event "Oberpfalz-ch M1"]
[Site "Kareth Lappersdorf"]
[Date "2008.03.17"]
[Round "5"]
[White "Dietrich, Reinhard"]
[Black "Dirmeier, Matthias"]
[Result "1-0"]
[WhiteElo "2091"]
[BlackElo "2001"]
[PlyCount "45"]
[EventDate "2008.03.15"]
[EventType "swiss"]
[EventRounds "8"]
[EventCountry "GER"]
[SourceTitle "EXT 2022"]
[Source "ChessBase"]
[SourceDate "2021.10.06"]
[SourceVersion "1"]
[SourceVersionDate "2021.10.06"]
[SourceQuality "1"]

1. e4 c6 2. d4 d5 3. f3 dxe4 4. fxe4 e5 5. Nf3 Be6 6. c3 Nd7 7. Bd3 Qc7 8. 0-0 Bd6 9. Be3 Ngf6 10. Kh1 Ng4 11. Bg1 f6 12. Nbd2 Nb6 13. c4 c5 14. d5 Bd7 15. Nh4 h5 16. Rc1 a5 17. b3 g5 18. Nf5 0-0-0 19. a3 Nh6 20. Nxd6+ Qxd6 21. b4 Ba4 22. bxc5 Qc7 23. cxb6 1-0

[Event "Bad Koenigshofen op 6th"]
[Site "Bad Koenigshofen"]
[Date "2007.12.27"]
[Round "3"]
[White "Dietrich, Reinhard"]
[Black "Akuerek, Ferdi"]
[Result "1-0"]
[WhiteElo "2109"]
[BlackElo "1473"]
[PlyCount "61"]
[EventDate "2007.12.26"]
[EventType "swiss"]
[EventRounds "7"]
[EventCountry "GER"]
[SourceTitle "CBM 122 Extra"]
[Source "ChessBase"]
[SourceDate "2008.03.04"]
[SourceVersion "1"]
[SourceVersionDate "2008.03.04"]
[SourceQuality "1"]

1. e4 d6 2. d4 Nf6 3. Nc3 g6 4. Bg5 h6 5. Be3 Bg7 6. f3 e5 7. Nge2 Nbd7 8. g4 c6 9. Qd2 b5 10. a3 Nb6 11. Ng3 exd4 12. Bxd4 Nc4 13. Bxc4 bxc4 14. Nce2 d5 15. exd5 cxd5 16. 0-0-0 0-0 17. h4 Rb8 18. g5 hxg5 19. hxg5 Nh7 20. f4 Bg4 21. Rh4 Bf3 22. Rf1 Bg2 23. Rf2 c3 24. Bxc3 Rxb2 25. Bxg7 Qb6 26. Qd4 Rb1+ 27. Kd2 Qa5+ 28. Nc3 Rc8 29. Rxh7 Kxh7 30. Rxg2 Rb2 31. Rh2+ 1-0

[Event "Bad Koenigshofen op 6th"]
[Site "Bad Koenigshofen"]
[Date "2007.12.27"]
[Round "4"]
[White "Gehrig, Thomas"]
[Black "Dietrich, Reinhard"]
[Result "0-1"]
[WhiteElo "2063"]
[BlackElo "2109"]
[PlyCount "80"]
[EventDate "2007.12.26"]
[EventType "swiss"]
[EventRounds "7"]
[EventCountry "GER"]
[SourceTitle "CBM 122 Extra"]
[Source "ChessBase"]
[SourceDate "2008.03.04"]
[SourceVersion "1"]
[SourceVersionDate "2008.03.04"]
[SourceQuality "1"]

1. c4 e5 2. g3 Nf6 3. Bg2 h6 4. Nc3 Bb4 5. Nd5 Nxd5 6. cxd5 0-0 7. a3 Ba5 8. Nf3 d6 9. 0-0 Nd7 10. e4 Nf6 11. Ne1 Bb6 12. h3 c6 13. d3 cxd5 14. exd5 Qe8 15. Nc2 Qb5 16. a4 Qe8 17. Kh2 Nh7 18. a5 Bc7 19. Be3 f5 20. Qd2 f4 21. gxf4 Qh5 22. f5 Bxf5 23. f4 Nf6 24. Rf3 Nxd5 25. Raf1 Nxf4 26. Bxf4 exf4 27. Qc3 Rac8 28. Qb3+ d5 29. Qxd5+ Kh8 30. Nd4 Bg4 31. Qxb7 Bxf3 32. Bxf3 Qe5 33. Nc6 Qc5 34. Qb3 Be5 35. Qe6 Bf6 36. b4 Qc2+ 37. Kh1 Qxd3 38. Kg2 Bh4 39. Qa2 Qg6+ 40. Kh1 Rxc6 0-1

[Event "Bad Koenigshofen op 6th"]
[Site "Bad Koenigshofen"]
[Date "2007.12.26"]
[Round "1"]
[White "Dietrich, Reinhard"]
[Black "Jahrsdoerfer, Gerd"]
[Result "0-1"]
[WhiteElo "2109"]
[BlackElo "2176"]
[PlyCount "32"]
[EventDate "2007.12.26"]
[EventType "swiss"]
[EventRounds "7"]
[EventCountry "GER"]
[SourceTitle "CBM 122 Extra"]
[Source "ChessBase"]
[SourceDate "2008.03.04"]
[SourceVersion "1"]
[SourceVersionDate "2008.03.04"]
[SourceQuality "1"]

1. e4 Nc6 2. Nf3 Nf6 3. Nc3 d5 4. e5 d4 5. exf6 dxc3 6. bxc3 gxf6 7. d4 Bf5 8. Rb1 Qd5 9. Bd3 0-0-0 10. Rb5 Qe6+ 11. Be3 Bxd3 12. Qxd3 Qg4 13. 0-0 Rg8 14. Ne1 Ne5 15. Qxh7 Nf3+ 16. Kh1 Nxe1 0-1

[Event "Landesliga Nord 0708"]
[Site "Bayern"]
[Date "2007.10.21"]
[Round "1.5"]
[White "Dietrich, Reinhard"]
[Black "Lodes, Hermann"]
[Result "0-1"]
[WhiteElo "2109"]
[BlackElo "2096"]
[PlyCount "50"]
[EventDate "2007.10.21"]
[EventType "team-tourn"]
[EventRounds "9"]
[EventCountry "GER"]
[SourceTitle "EXT 2009"]
[Source "ChessBase"]
[SourceDate "2008.11.26"]
[SourceVersion "1"]
[SourceVersionDate "2008.11.26"]
[SourceQuality "1"]
[WhiteTeam "Neutraubling"]
[BlackTeam "Burgsinn"]
[WhiteTeamCountry "GER"]
[BlackTeamCountry "GER"]

1. e4 c6 2. d4 d5 3. f3 e5 4. dxe5 Bc5 5. Nc3 Qb6 6. Nh3 Bxh3 7. gxh3 d4 8. Nb1 Be7 9. f4 Bh4+ 10. Kd2 Qa5+ 11. Ke2 Na6 12. Nd2 Qc5 13. Nb3 d3+ 14. Kd2 Qf2+ 15. Kc3 b5 16. Bxd3 b4+ 17. Kc4 Qb6 18. a4 bxa3 19. bxa3 Rd8 20. Qe2 Bf2 21. Bd2 Bd4 22. a4 c5 23. f5 Nc7 24. Na5 Bxa1 25. Rxa1 Rd4+ 0-1

[Event "Landesliga Nord 0405"]
[Site "Bayern"]
[Date "2005.03.13"]
[Round "8.8"]
[White "Dietrich, Reinhard"]
[Black "Mikliaeva, Darja S"]
[Result "1-0"]
[WhiteElo "2062"]
[BlackElo "2082"]
[PlyCount "73"]
[EventDate "2004.10.24"]
[EventType "team-tourn"]
[EventRounds "9"]
[EventCountry "GER"]
[SourceTitle "EXT 2008"]
[Source "ChessBase"]
[SourceDate "2007.11.25"]
[SourceVersion "1"]
[SourceVersionDate "2007.11.25"]
[SourceQuality "1"]
[WhiteTeam "Neutraubling"]
[BlackTeam "Koenigshofen"]
[WhiteTeamCountry "GER"]
[BlackTeamCountry "GER"]

1. e4 c5 2. Nf3 d6 3. Bb5+ Bd7 4. Bxd7+ Qxd7 5. c4 g6 6. d4 cxd4 7. Nxd4 Bg7 8. 0-0 Nc6 9. Be3 Nf6 10. f3 0-0 11. Nc3 Rac8 12. Nde2 b6 13. Qd2 Rfd8 14. Rac1 Qb7 15. b3 e6 16. Bg5 a6 17. Qf4 Nd7 18. Bxd8 Rxd8 19. Qe3 Nde5 20. Rcd1 h5 21. h3 Qc7 22. Kh1 Kh7 23. f4 Nd7 24. g4 Nf6 25. g5 Nd7 26. Rd2 Nc5 27. Rfd1 Ne7 28. Qf3 Qc6 29. Kg2 Qc7 30. h4 Rd7 31. Nd4 Rd8 32. Nce2 Qb7 33. Ng3 Qc8 34. Nde2 Qc7 35. Nc3 Qc6 36. e5 Qd7 37. Rxd6 1-0

[Event "Landesliga Nord 0405"]
[Site "Bayern"]
[Date "2005.01.30"]
[Round "6.8"]
[White "Sappok, Johann"]
[Black "Dietrich, Reinhard"]
[Result "1-0"]
[WhiteElo "1946"]
[BlackElo "2062"]
[PlyCount "80"]
[EventDate "2004.10.24"]
[EventType "team-tourn"]
[EventRounds "9"]
[EventCountry "GER"]
[SourceTitle "EXT 2008"]
[Source "ChessBase"]
[SourceDate "2007.11.25"]
[SourceVersion "1"]
[SourceVersionDate "2007.11.25"]
[SourceQuality "1"]
[WhiteTeam "Bamberg SC II"]
[BlackTeam "Neutraubling"]
[WhiteTeamCountry "GER"]
[BlackTeamCountry "GER"]

1. e4 e6 2. d4 d5 3. exd5 exd5 4. Nc3 Bb4 5. Bd3 Nc6 6. Nge2 Nge7 7. Bf4 Bg4 8. Qd2 Qd7 9. f3 Bf5 10. a3 Ba5 11. 0-0 0-0-0 12. b4 Bb6 13. Bb5 Qe6 14. Rfe1 Qg6 15. Na4 h5 16. Nxb6+ axb6 17. Ng3 h4 18. Nxf5 Nxf5 19. Bxc6 Qxc6 20. a4 f6 21. h3 g5 22. b5 Qc4 23. Be3 Rhe8 24. c3 Re7 25. Bf2 Rde8 26. Rxe7 Rxe7 27. Re1 Qxa4 28. Qd3 Rxe1+ 29. Bxe1 Ne7 30. f4 Qc4 31. Qe3 Kd8 32. fxg5 fxg5 33. Qxg5 Qxb5 34. Bxh4 Qb1+ 35. Kh2 Qe4 36. Qxe7+ Qxe7 37. Bxe7+ Kxe7 38. Kg3 c5 39. Kf4 Kf6 40. g4 c4 1-0

[Event "Landesliga Nord 0405"]
[Site "Bayern"]
[Date "2004.10.24"]
[Round "1.7"]
[White "Churt, Kerstin"]
[Black "Dietrich, Reinhard"]
[Result "0-1"]
[WhiteElo "1795"]
[BlackElo "2062"]
[PlyCount "80"]
[EventDate "2004.10.24"]
[EventType "team-tourn"]
[EventRounds "9"]
[EventCountry "GER"]
[SourceTitle "EXT 2008"]
[Source "ChessBase"]
[SourceDate "2007.11.25"]
[SourceVersion "1"]
[SourceVersionDate "2007.11.25"]
[SourceQuality "1"]
[WhiteTeam "Altensittenbach"]
[BlackTeam "Neutraubling"]
[WhiteTeamCountry "GER"]
[BlackTeamCountry "GER"]

1. e4 e6 2. d4 d5 3. Nc3 Nf6 4. e5 Nfd7 5. Qg4 c5 6. Nf3 a6 7. dxc5 Nc6 8. Be3 Ndxe5 9. Nxe5 Nxe5 10. Qd4 Nc6 11. Qa4 Be7 12. Rd1 0-0 13. Be2 f5 14. 0-0 Bd7 15. Qb3 Kh8 16. Na4 Rb8 17. Bf4 e5 18. Qxd5 Be8 19. Qc4 Qc7 20. Bd2 Bf7 21. Qc3 Bf6 22. Bc4 e4 23. Qb3 Nd4 24. Qb6 Qe7 25. Bxf7 Qxf7 26. c3 Ne6 27. a3 Be5 28. f4 exf3 29. Rxf3 f4 30. c6 Bc7 31. Qf2 b5 32. Nc5 Nxc5 33. Qxc5 Bb6 34. Qxb6 Rxb6 35. Rxf4 Qe8 36. Rxf8+ Qxf8 37. Bg5 Qc5+ 38. Kh1 h6 39. c7 Qxc7 40. Bd8 Rd6 0-1

[Event "Oberpfalz-ch M1"]
[Site "Regensburg"]
[Date "2004.04.05"]
[Round "6.3"]
[White "Rother, Christoph"]
[Black "Dietrich, Reinhard"]
[Result "1-0"]
[WhiteElo "2251"]
[BlackElo "2068"]
[PlyCount "77"]
[EventDate "2004.04.03"]
[EventType "swiss"]
[EventRounds "8"]
[EventCountry "GER"]
[SourceTitle "EXT 2022"]
[Source "ChessBase"]
[SourceDate "2021.10.06"]
[SourceVersion "1"]
[SourceVersionDate "2021.10.06"]
[SourceQuality "1"]

1. e4 e6 2. d4 d5 3. Nd2 Nc6 4. Ngf3 Nf6 5. e5 Nd7 6. c3 f6 7. exf6 Qxf6 8. Bb5 Bd6 9. Nf1 0-0 10. Bg5 Qf7 11. Ne3 e5 12. 0-0 e4 13. Ne1 Ne7 14. Bxe7 Bxe7 15. f4 c6 16. Be2 Bd6 17. g3 Nf6 18. N1g2 Bh3 19. Rc1 g6 20. Rf2 Kg7 21. Ne1 Qd7 22. Bf1 Be6 23. N1g2 Ng8 24. Be2 Nh6 25. Qd2 Rf6 26. Rcf1 Raf8 27. Qd1 Bh3 28. a3 Kh8 29. Qd2 Qf7 30. Qd1 Qd7 31. Qd2 Qf7 32. Qe1 Qd7 33. Qd1 Qc8 34. c4 Be6 35. c5 Bc7 36. h4 Nf5 37. Kh2 Qb8 38. Ng4 Nxd4 39. Qxd4 1-0

[Event "Oberpfalz-ch M1"]
[Site "Regensburg"]
[Date "2004.04.04"]
[Round "4.7"]
[White "Beyerlein, Andreas"]
[Black "Dietrich, Reinhard"]
[Result "0-1"]
[WhiteElo "1966"]
[BlackElo "2068"]
[PlyCount "161"]
[EventDate "2004.04.03"]
[EventType "swiss"]
[EventRounds "8"]
[EventCountry "GER"]
[SourceTitle "EXT 2022"]
[Source "ChessBase"]
[SourceDate "2021.10.06"]
[SourceVersion "1"]
[SourceVersionDate "2021.10.06"]
[SourceQuality "1"]

1. e4 e6 2. d4 d5 3. Nd2 Nc6 4. Ngf3 Nf6 5. e5 Nd7 6. Bb5 f6 7. exf6 Qxf6 8. Nb3 Bd6 9. 0-0 0-0 10. Re1 Kh8 11. Bg5 Qg6 12. Bh4 Nf6 13. Bxc6 bxc6 14. Ne5 Qh6 15. Bxf6 gxf6 16. Nf3 Bd7 17. c4 Qg7 18. c5 Rg8 19. g3 Bf8 20. Qd2 Re8 21. Qf4 Re7 22. Re2 Qh6 23. Qxh6 Bxh6 24. Rae1 Rge8 25. Kg2 Kg8 26. h3 Kf8 27. Nc1 Bc8 28. Nh4 e5 29. Nf3 e4 30. Ng1 f5 31. b4 f4 32. gxf4 Bxf4 33. Rb2 Rg7+ 34. Kh1 Bxc1 35. Rxc1 e3 36. fxe3 Rxe3 37. Rf1+ Ke7 38. Rb3 Re4 39. Rd1 Bf5 40. Rf3 Ke6 41. Kh2 Rg5 42. Rg3 Rxg3 43. Kxg3 Re3+ 44. Kg2 Be4+ 45. Kf2 Ra3 46. Rd2 Kf5 47. Kf1 Kf4 48. Kf2 Kg5 49. Kf1 Kh4 50. Kf2 Rc3 51. Rd1 Rc2+ 52. Ke3 Rxa2 53. Rf1 Ra3+ 54. Kf4 Ra4 55. Ke5 Rxb4 56. Rf4+ Kg3 57. Rg4+ Kf2 58. h4 Rb3 59. Rg7 a5 60. Rxc7 Kxg1 61. Rxc6 a4 62. Ra6 a3 63. c6 Re3 64. Kd6 Bb1 65. c7 Bf5 66. Kxd5 Kf2 67. Rf6 a2 68. c8Q a1Q 69. Qxf5+ Ke2 70. Qc2+ Ke1 71. Qf2+ Kd1 72. Qxe3 Qa8+ 73. Rc6 Qd8+ 74. Kc4 Qg8+ 75. Qe6 Qg1 76. Ra6 Qf1+ 77. Kd5 Qg2+ 78. Kd6 Qg3+ 79. Kd7 Qg7+ 80. Kc6 Qg2+ 81. d5 0-1

[Event "Landesliga Nord 0304"]
[Site "Bayern"]
[Date "2004.03.28"]
[Round "8.6"]
[White "Dietrich, Reinhard"]
[Black "Schatz, Werner"]
[Result "1/2-1/2"]
[WhiteElo "2068"]
[BlackElo "1995"]
[PlyCount "47"]
[EventDate "2003.10.??"]
[EventType "team"]
[EventRounds "9"]
[EventCountry "GER"]
[SourceTitle "EXT 2006"]
[Source "ChessBase"]
[SourceDate "2005.11.24"]
[SourceVersion "1"]
[SourceVersionDate "2005.11.24"]
[SourceQuality "1"]
[WhiteTeam "Neutraubling"]
[BlackTeam "Asittenbach"]
[WhiteTeamCountry "GER"]
[BlackTeamCountry "GER"]

1. e4 g6 2. d4 Bg7 3. Nc3 c6 4. Be3 d5 5. Be2 dxe4 6. Nxe4 Nd7 7. Nf3 Ngf6 8. Nxf6+ Nxf6 9. 0-0 0-0 10. Re1 Bg4 11. h3 Bxf3 12. Bxf3 Nd5 13. Bg5 h6 14. Bh4 Re8 15. c3 Qd7 16. Qa4 e6 17. Rad1 a5 18. c4 b5 19. Qc2 bxc4 20. Qxc4 Reb8 21. Rd2 Rb4 22. Qc5 Rb5 23. Qc1 Rb4 24. Qc5 1/2-1/2